000 00832nam a2200229Ia 4500
005 20211108101815.0
008 130821s1992 sp gr spa
020 _a8420627062
040 _aCo-BoUCM
_bspa
_c[Nuevo]
_d[Nuevo]
041 _aspa
100 1 _aHeidegger, Martin
_d1889-1976
_951143
245 1 3 _aLa fenomenología del espíritu de Hegel curso del semestre de invierno, Friburgo, 1930-1931
_cMartin Heidegger; traducción Manuel E. Vásquez; Klaus Wrehde
260 _aMadrid (España)
_bAlianza
_c1992
300 _a259 páginas
490 _aAU. Filosofía, 706
650 0 4 _aFenomenología
_915640
650 0 4 _aFilosofía alemana
_97622
650 0 4 _aFilosofía
_975
765 _tHegels phèanomenologie des geistes
942 _cLIBRO
_a2
_e1
_mH465f
_2DEWEY
_h142.7
999 _c16970
_d16970